La edad de oro / (Record no. 37587)
[ view plain ]
| 000 -CABECERA | |
|---|---|
| campo de control de longitud fija | 00719nam a2200229 a 4500 |
| 001 - NÚMERO DE CONTROL | |
| campo de control | 000038097 |
| 005 - FECHA Y HORA DE LA ÚLTIMA TRANSACCIÓN | |
| campo de control | 20240306073910.0 |
| 008 - DATOS DE LONGITUD FIJA--INFORMACIÓN GENERAL | |
| campo de control de longitud fija | 100901s2006 sp 000 j spa d |
| 020 ## - NÚMERO INTERNACIONAL ESTÁNDAR DEL LIBRO | |
| Número Internacional Estándar del Libro | 8489163839 |
| 040 ## - FUENTE DE LA CATALOGACIÓN | |
| Centro catalogador/agencia de origen | DO-SdBNP |
| Lengua de catalogación | spa |
| Centro/agencia transcriptor | BNPHU |
| 082 ## - NÚMERO DE LA CLASIFICACIÓN DECIMAL DEWEY | |
| Número de clasificación | Cu863.2 |
| Número de documento/Ítem | M378e, 2006 |
| 100 1# - ENTRADA PRINCIPAL--NOMBRE DE PERSONA | |
| Nombre de persona | Martí, José, |
| Fechas asociadas al nombre | 1853-1895 |
| 9 (RLIN) | 645 |
| 245 10 - MENCIÓN DE TÍTULO | |
| Título | La edad de oro / |
| Mención de responsabilidad, etc. | José Martí. |
| 250 ## - MENCIÓN DE EDICIÓN | |
| Mención de edición | 4a. ed. |
| 260 ## - PUBLICACIÓN, DISTRIBUCIÓN, ETC. | |
| Lugar de publicación, distribución, etc. | Madrid : |
| Nombre del editor, distribuidor, etc. | Ediciones M.J, |
| Fecha de publicación, distribución, etc. | 2006. |
| 300 ## - DESCRIPCIÓN FÍSICA | |
| Extensión | 188 p. ; |
| Dimensiones | 23 cm. |
| 490 1# - MENCIÓN DE SERIE | |
| Mención de serie | Clásicos universales; |
| Designación de volumen o secuencia | 47 |
| 650 #4 - PUNTO DE ACCESO ADICIONAL DE MATERIA--TÉRMINO DE MATERIA | |
| Término de materia o nombre geográfico como elemento de entrada | Cuentos infantiles cubano |
| 9 (RLIN) | 64482 |
| 650 #4 - PUNTO DE ACCESO ADICIONAL DE MATERIA--TÉRMINO DE MATERIA | |
| Término de materia o nombre geográfico como elemento de entrada | Literatura infantil cubana |
| 9 (RLIN) | 647 |
| 830 #0 - PUNTO DE ACCESO ADICIONAL DE SERIE-TÍTULO UNIFORME | |
| Título uniforme | Clásicos universales. |
| Designación de volumen o secuencia | Edición íntegra; |
| Número de parte o sección de la obra | 47 |
| 9 (RLIN) | 64483 |
| 910 ## - DATOS DE OPCIÓN DEL USUARIO (OCLC) | |
| Datos de opción del usuario | Validado. Control de calidad MFF |
| Estado de retiro | Estado de pérdida | Restricciones de uso | No para préstamo | Código de colección | Localización permanente | Ubicación/localización actual | Ubicación en estantería | Fecha de adquisición | Número de inventario | Total de préstamos | Signatura topográfica completa | Código de barras | Fecha visto por última vez | Precio válido a partir de | Tipo de ítem Koha | Número de copia |
|---|---|---|---|---|---|---|---|---|---|---|---|---|---|---|---|---|
| Monografías: Libros y Folletos | General | General | Depósito | 13.03.2013 | LF1 | Cu863.2 M378e, 2006 | 38097-10 | 25.06.2020 | 25.06.2020 | Préstamo en sala | ||||||
| Préstamo restrigido | Monografías: Libros y Folletos | General | General | Depósito | 13.03.2013 | LF1 | Cu863.2 M378e, 2006 | 38097-20 | 25.06.2020 | 25.06.2020 | Préstamo en sala | e. 2 | ||||
| Monografías: Libros y Folletos | General | General | Depósito | 13.03.2013 | LF1 | Cu863.2 M378e, 2006 | 38097-30 | 25.06.2020 | 25.06.2020 | Préstamo en sala | e. 3 | |||||
| Extraviado | Excluido de préstamo | Monografías: Libros y Folletos | General | General | Extraviado | 20.05.2013 | LF1 | Cu863.2 M378e, 2006 | 38097-40 | 25.06.2020 | 25.06.2020 | No se presta |
